-
John W. Newstron Keith Davis
Entry Personal Name
Number of records used in: 1
001 - CONTROL NUMBER
003 - CONTROL NUMBER IDENTIFIER
005 - DATE AND TIME OF LATEST TRANSACTION
- control field:
20160513121329.0
008 - FIXED-LENGTH DATA ELEMENTS
- fixed length control field:
160513|| aca||aabn | a|a d
040 ## - CATALOGING SOURCE
- Original cataloging agency:
OSt
- Transcribing agency:
OSt
100 ## - HEADING--PERSONAL NAME
- Personal name:
John W. Newstron Keith Davis
670 ## - SOURCE DATA FOUND
- Source citation:
Work cat.: (OSt): John W. Newstron Keith Davis, Organizational Behaviour Human Hehaviour at work